Pokémon - 7G (images) - Statistiques

Statistiques générales
  • Ce quiz a été pris 173 fois
  • Le résultat moyen est 60 sur 88
Statistiques - réponses
Par images Réponse % Correct
Brindibou
97%
Solgaleo
92%
Flamiaou
91%
Lunala
91%
Félinferno
90%
Archéduc
89%
Mimiqui
89%
Otaquin
86%
Efflèche
85%
Lougaroc
85%
Chelours
84%
Cosmog
84%
Type:0
83%
Meltan
82%
Malamandre
80%
Matoufeu
80%
Necrozma
80%
Rocabot
80%
Crabagarre
79%
Denticrisse
79%
Melmetal
79%
Silvallié
79%
Tritox
79%
Marshadow
78%
Tokopisco
78%
Tokorico
78%
Bacabouh
77%
Oratoria
77%
Tiboudet
76%
Tokotoro
76%
Togedemaru
75%
Bazoucan
74%
Boumata
73%
Dodoala
73%
Plumeline
73%
Picassaut
72%
Trépassable
72%
Nounourson
71%
Draïeul
70%
Sucreine
70%
Vorastérie
70%
Gouroutan
69%
Lucanon
69%
Otarlette
69%
Zeraora
69%
Mouscoto
68%
Cosmovum
67%
Ékaïser
67%
Larvibule
67%
Prédastérie
67%
Sovkipou
67%
Engloutyran
66%
Froussardine
66%
Bébécaille
65%
Crabominable
64%
Tokopiyon
64%
Manglouton
63%
Argouste
62%
Concombaffe
62%
Croquine
62%
Floramantis
62%
Météno
62%
Spododo
62%
Sarmuraï
61%
Tarenbulle
61%
Bamboiselle
60%
Bourrinos
60%
Katagami
60%
Câblifère
59%
Chrysapile
59%
Bombydou
58%
Écaïd
58%
Magearna
58%
Mimantis
58%
Lampignon
53%
Araqua
52%
Zéroïd
52%
Sinistrail
51%
Ama-Ama
50%
Quartermac
50%
Vémini
50%
Piclairon
47%
Candine
46%
Rubombelle
46%
Cancrelove
43%
Guérilande
43%
Mandrillon
36%
Pierroteknik
33%
Aucun quiz correspondant
Distribution des résultats
% des personnes avec chaque résultat
Percentile par nombre de réponses
Votre historique - résultats
Vous n’avez pas pris ce quiz